Guía de arquitectura contemporánea : Ciudad de México /

Libro de consulta sobre las obras arquitectónicas contemporáneas más representativas de México, construidas entre 1925 y 1998, y organizadas por orden cronológico. Se presenta la fotografía de cada edificio y una ficha informativa sobre él que contiene: nombre de la obra, dirección, fecha de inicio...

Descrizione completa

Salvato in:
Dettagli Bibliografici
Altri autori: Noelle Mereles, Louise (autor) (autor), Tejeda, Carlos (autor) (autor), Santa María, Rodolfo (cartografía) (cartografía), Segura, Raúl (cartografía) (cartografía)
Natura: Libro
Lingua:spagnolo
Pubblicazione: México : Servicios Metropolitanos, 1999, c1993
Edizione:2a edición
Soggetti:
Tags: Aggiungi Tag
Nessun Tag, puoi essere il primo ad aggiungerne!!

MARC

LEADER 00000nam^a2200000^a^4500
001 000184880
005 20250521000000.0
009 20260310102130.451
020 |a 968-816-202-7 
037 |a Acervo ITESO - Biblioteca 
041 |a ESP 
082 |a 720. 972532  |b GUI 
245 0 0 |a Guía de arquitectura contemporánea :  |b Ciudad de México /  |c L. Noelle Mereles, C. Tejeda ; cartografía de R. Santa María, R. Segura. 
250 |a 2a edición 
264 4 |a México :  |b Servicios Metropolitanos,  |c 1999, c1993 
300 |a 186 p. 
336 |a texto  |b txt  |2 rdacontenido 
337 |a sin mediación  |b n  |2 rdamedio 
338 |a volumen  |b nc  |2 rdasoporte 
520 |a Libro de consulta sobre las obras arquitectónicas contemporáneas más representativas de México, construidas entre 1925 y 1998, y organizadas por orden cronológico. Se presenta la fotografía de cada edificio y una ficha informativa sobre él que contiene: nombre de la obra, dirección, fecha de inicio y fin de construcción, el o los nombres de los autores, y en su caso, la relación de obras de arte que forman parte de la construcción; descripción del edificio, resaltando sus características, y una referencia bibliográfica para consultar más datos sobre la obra. 
649 |a XX 
650 |a Arquitectura Moderna -  |z México (Ciudad) -  |x Historia y Crítica -  |x Tema Principal 
650 |a Arquitectura Moderna -  |z México -  |x Historia y Crítica 
650 |a Arquitectura Mexicana -  |y Siglo XX 
650 |a Arquitectura Mexicana -  |x Historia y Crítica 
650 |a Arte Moderno -  |z México (Ciudad) -  |x Historia y Crítica 
650 |a Arte Moderno -  |z México -  |x Historia y Crítica 
650 |a Arte Mexicano -  |y Siglo XX 
650 |a Arte Mexicano -  |x Historia y Crítica 
650 |a México (Ciudad) -  |x Mapas 
650 |a México -  |x Mapas 
650 |a México (Ciudad) -  |x Descripción 
650 |a México -  |x Descripción 
700 |a Noelle Mereles, Louise  |e (autor) 
700 |a Tejeda, Carlos  |e (autor) 
700 |a Santa María, Rodolfo  |e (cartografía) 
700 |a Segura, Raúl  |e (cartografía) 
910 |a Fondo Julio de la Peña Lomelín 
920 |a Impresos - Libros 
930 |a Arquitectos Jaliscienses 
905 |a 115 
901 |a 0500125854  |b IT1  |c JAL  |u 20250521 
901 |a 0500125875  |b IT1  |c JAL  |u 20250521 
901 |a 0500183766  |b IT1  |c JAL  |i C122315  |u 20250521 
902 |a https://opac.biblio.iteso.mx/vufind/Record/000184880